000 00685cam a2200145 4500500
005 20260329022926.0
041 _afre
042 _adc
100 1 0 _aMoureau, François
_eauthor
245 0 0 _aGrivel, Marianne, Leutrat, Estelle, Meyer, Véronique et Wachenheim, Pierre (dir.), Curieux d’estampes. Collections et collectionneurs de gravures en Europe (1500-1815), Préface de Ger Luijten, Presses universitaires de Rennes, « Hors série », 2022
260 _c2023.
500 _a27
786 0 _nDix-huitième siècle | 55 | 1 | 2023-05-09 | p. 674-675 | 0070-6760
856 4 1 _uhttps://shs.cairn.info/revue-dix-huitieme-siecle-2023-1-page-674?lang=fr&redirect-ssocas=7080
999 _c1923574
_d1923574